My Sweet Passion Lyrics (Sonic Adventure) - Statistics

General Stats
  • This quiz has been taken 13 times
  • The average score is 269 of 389
Answer Stats
Answer % Correct
go
100%
I
100%
so
100%
So
100%
Sweet
100%
sweet
100%
Sweet,
100%
sweet,
100%
you)
100%
You
100%
you
100%
(You
100%
a
80%
and
80%
And
80%
as
80%
be
80%
can
80%
do
80%
do,
80%
for
80%
got
80%
He
80%
In
80%
is
80%
me
80%
my
80%
need
80%
of
80%
Oh
80%
on
80%
the
80%
to
80%
want
80%
want)
80%
We
80%
we
80%
when
80%
yeah,
80%
Yeah
80%
Yeah,
80%
yeah
80%
adventure)
60%
all
60%
are
60%
Are
60%
Bah
60%
bah
60%
bayah
60%
blue
60%
cool
60%
cute
60%
don’t
60%
free
60%
girl
60%
going
60%
had
60%
have
60%
he’s
60%
it)
60%
it
60%
know
60%
looked
60%
map
60%
much
60%
not
60%
out
60%
reminds
60%
shave
60%
Sphinx
60%
stuff,
60%
that
60%
That’s
60%
that’s
60%
up
60%
(We’re
60%
what
60%
Whoa
60%
whoa
60%
your
60%
about
40%
alone
40%
Alright
40%
also
40%
always
40%
best
40%
(But
40%
But
40%
Cat
40%
chose
40%
color
40%
Come
40%
comes
40%
easy
40%
eternity
40%
feelings
40%
get
40%
guess
40%
hide
40%
his
40%
honestly
40%
honey
40%
I’ll
40%
I’m
40%
just
40%
little
40%
live
40%
lives
40%
lucky
40%
(Makes
40%
many
40%
mind
40%
minded
40%
myself
40%
Na
40%
na
40%
naturally
40%
nights
40%
nowhere
40%
okay
40%
ought
40%
our
40%
(Packed
40%
painting
40%
parsley
40%
pearl
40%
Persian
40%
place
40%
probably
40%
seem
40%
self-centered
40%
set
40%
settle
40%
shade
40%
should
40%
simple
40%
single
40%
sleep
40%
specialty)
40%
standing
40%
sweetest
40%
tense
40%
there
40%
There’s
40%
thing)
40%
things
40%
think
40%
times
40%
trouble
40%
understand
40%
wanna
40%
wanted
40%
way
40%
we’ll
40%
whatever
40%
wonderful
40%
(Won’t
40%
won’t
40%
worry
40%
worst
40%
you’re
40%
you're
40%
No matching quizzes found
Score Distribution
Percent of People with Each Score
Percentile by Number Answered
Your Score History
You have not taken this quiz